England 2018 FIFA World Cup Squad - Statistics

General Stats
  • This quiz has been taken 768 times
  • The average score is 18 of 23
Answer Stats
Position Player Club % Correct
FW Harry Kane Tottenham Hotspur
97%
GK Jordan Pickford Everton
96%
CB John Stones Manchester City
94%
FW Marcus Rashford Manchester United
92%
FW Jamie Vardy Leicester City
91%
RB Trent Alexander-Arnold Liverpool
90%
CB Harry Maguire Leicester City
89%
CM Jordan Henderson Liverpool
89%
CB Kyle Walker Manchester City
87%
CAM/W Raheem Sterling Manchester City
86%
RB Kieran Trippier Tottenham Hotspur
83%
CM Dele Alli Tottenham Hotspur
81%
GK Nick Pope Burnley
81%
LB Danny Rose Tottenham Hotspur
75%
CB Phil Jones Manchester United
73%
GK Jack Butland Stoke City
71%
CM Eric Dier Tottenham Hotspur
70%
CB Gary Cahill Chelsea
68%
CM Jesse Lingard Manchester United
68%
FW Danny Welbeck Arsenal
60%
LM Ashley Young Manchester United
45%
LM Fabian Delph Manchester City
40%
CM Ruben Loftus-Cheek Crystal Palace
32%
No matching quizzes found
Score Distribution
Percent of People with Each Score
Percentile by Number Answered
Your Score History
You have not taken this quiz